| 000 | 00549nam a2200181 a 4500 | ||
|---|---|---|---|
| 005 | 20240925064745.0 | ||
| 008 | 010724s2000 r 000 0 eng d | ||
| 020 | _a9688174777 | ||
| 035 | _aUPN01000110015 | ||
| 049 | _aF | ||
| 050 | 4 |
_aGE190 M6 _bI3.3 |
|
| 245 | 0 | 0 | _aIdentificación y caracterización de sitios contaminados con residuos peligrosos / |
| 260 |
_aMéxico : _bSEMARNAP : _bPROFEPA, _c2000 |
||
| 300 |
_a34 p. : _bil. |
||
| 650 | 7 |
_aPolítica ambiental _zMéxico _2 _91372 |
|
| 650 | 4 |
_aCONTAMINACION - _zMEXICO _912291 |
|
| 905 | _aLibro | ||
| 999 |
_c83924 _d83924 |
||